Регионална библиотека "Любен Каравелов" - Русе

Индивидуален и консолидиран финансов отчет (Запис номер 20924)

MARC детайли
000 -Лидер
Контролно поле с фиксирана дължина 01710nam a2200385 c 4500
003 - Код на организацията, давaща контролен номер
Контролно поле BLK
005 - Дата и час на последна редакция
Контролно поле 20231102005216.0
008 - Елементи от данни с фиксирана дължина
fixed length control field 180413b bul|||||r ||||||| ||bul||
010 ## - Наследен системен номер
LC control number KNG00023179000
020 ## - Международен стандартен номер на книга ISBN
Международен стандартен номер на книга ISBN 978-954-8494-05-2
-- издат.: Пакс корпорация
040 ## - Източник на каталожния запис
Идентификатор на билиотеката - собственик на записа BLK
041 ## - Код за език
Код за езика на текст/звукозапис или на отделно заглавие Български
Код за езика КДБФ Български
072 #7 - Код за тематичната категория
Код организация bullib
Код за тематична категория Н6202
Текст Счетоводство Н
080 ## - УДК
Текстов определител УДК Счетоводство. Счетоводни системи и операции, водене на сметките, журнал-ордер и др.
УДК код - определител по УДК 657
УДК определител (035)
УДК - код + определител 657(035)
100 ## - Редна дума - Автор
Автор Кръстев, Тодор
Автор - информация (биография) Стоянов, Тодор Кръстев
Авторска отговорност първи автор
R(LIN) 249110
139 ## - Редно поле
Редна дума Кръстев, Тодор
Авторски знак Кръ - К 92
245 10 - Сведения за заглавието
Заглавие Индивидуален и консолидиран финансов отчет
Редно поле (дума) Тодор Кръстев; Тодор Кръстев Стоянов.
257 ## - Страна на издаване
Страна на създаване/издаване България
260 ## - Област на издателските данни
-- София
Име на издателя, разпространителя и проч. Пакс корпорация
Година на издаване 2011
Печатница София : Монт
300 ## - Физическа характеристика
Страници 424 с.
Размери/Мащаб 21 см
380 ## - Жанр
Жанр Обществени науки
490 1# - СЕРИИ (Колекции)
Име на серия Данъчен и осигурителен пътеводител
500 ## - Общи забележки
Забележка Пълното име на авт. е Тодор Кръстев Стоянов. - Библиогр. с. 418-420.
650 #4 - Допълнително описание по предмет – тема
Основно описание – тема или топоним Счетоводство, финансово
9 (RLIN) 265266
653 ## - Ключова дума – ненормативна
Ключова дума финансово счетоводство
653 ## - Ключова дума – ненормативна
Ключова дума наръчници
659 ## - Тематичен бюлетин
Тематичен бюлетин Н
700 1# - Други автори (авторска отговорност)
Лично име Стоянов, Тодор Кръстев
9 (RLIN) 249275
852 ## - Местоположение
Форматна сигнатура Цб 251081
856 4# - Електронен адрес и достъп
Електронен формат pdf - файл
Път до файла /url/
856 4# - Електронен адрес и достъп
Електронен формат pdf - файл
Път до файла /url/
942 ## - АРТИКУЛИ
Вид на библиотечния материал Книги
Скрит в OPAC Не
944 ## - СЪЗДАВАНЕ И РЕДАКЦИЯ на ЗАПИСА
Създаване/Редакция Създаване
Дата на регистрацията/редакция 09.03.2011
Служител, извършил регистрацията/редакцията
Статус, дата на статуса CRON CRON
944 ## - СЪЗДАВАНЕ И РЕДАКЦИЯ на ЗАПИСА
Създаване/Редакция Редакция
Дата на регистрацията/редакция 09.03.2011
Служител, извършил регистрацията/редакцията
999 ## - СИСТЕМНИ КОНТРОЛНИ НОМЕРА
Koha biblionumber 20924
Koha biblioitemnumber 20924
Наличности
Код за отписване Код за изгубен артикул Код за повреда Коз за рестрикции Код за отдаване Артикулен № Име на библиотеката - собственик Име на библиотеката, в която се намира в момента Статус (Текущо местоположение) Дата на вписване в системата Местоположение - отдел Цена в лева Инвентарен номер Систематично азбучна сигнатура Баркод Номер на екземпляра Цена в евро Служебна бележка Служебен тип на артикула
  Не е изгубен Не е повреден без рестрикции ползва се в читалня 34620 Регионална библиотека "Любен Каравелов" Русе Регионална библиотека "Любен Каравелов" Русе Хранилище 2011-03-09 Хранилище 20.00 120000749595 Цб 251081 120000749595 1 10.23 Дост: Dp Вид: Д N: 25 Дата: 23.06.2010 Книги
Vip Innovations Ltd, Rousse, Bulgaria 2025